[Event "Quebec Botvinnick"]
[Site "Quebec"]
[Date "2018.02.05"]
[Round "2"]
[White "Gaulin, Elie"]
[Black "Boissinot, Claude"]
[Result "1-0"]
[WhiteElo "1110"]
[BlackElo "1511"]
[PlyCount "89"]
[EventDate "2018.01.29"]
[EventType "swiss"]
[EventRounds "5"]
[EventCountry "CAN"]
[SourceTitle "EXT 2022"]
[Source "ChessBase"]
[SourceDate "2021.10.06"]
[SourceVersion "1"]
[SourceVersionDate "2021.10.06"]
[SourceQuality "1"]

1. d4 Nf6 2. c4 e6 3. Nf3 Be7 4. Bf4 b6 5. Nc3 Bb7 6. e3 a6 7. a3 0-0 8. Bd3 d5 9. cxd5 exd5 10. b4 Nbd7 11. Rb1 b5 12. Ne5 Nb6 13. Qc2 h6 14. h3 Rc8 15. Bf5 Ra8 16. 0-0 Nc4 17. Nxc4 dxc4 18. Rbd1 Bd6 19. Bh2 Bxh2+ 20. Kxh2 Re8 21. Rfe1 Qd6+ 22. Kg1 Rad8 23. Rb1 Qc6 24. f3 Re7 25. a4 Qe8 26. Qd2 Bc6 27. e4 Bd7 28. Bxd7 Rdxd7 29. d5 c6 30. Rbd1 Qd8 31. axb5 cxb5 32. e5 Nh5 33. g4 a5 34. gxh5 axb4 35. Na2 b3 36. Nb4 Qa5 37. Nc6 Qb6+ 38. Qf2 Qxf2+ 39. Kxf2 Re8 40. Ke3 Rc7 41. Kd4 Rd7 42. f4 Ra8 43. Ra1 Rxa1 44. Rxa1 Kf8 45. Ra8+ 1-0